<?xml version="1.0" encoding="UTF-8"?><?xml-stylesheet type="text/xsl" href="static/style.xsl"?><OAI-PMH xmlns="http://www.openarchives.org/OAI/2.0/" xmlns:xsi="http://www.w3.org/2001/XMLSchema-instance" xsi:schemaLocation="http://www.openarchives.org/OAI/2.0/ http://www.openarchives.org/OAI/2.0/OAI-PMH.xsd"><responseDate>2026-06-29T01:17:07Z</responseDate><request verb="GetRecord" identifier="oai:docta.ucm.es:20.500.14352/120669" metadataPrefix="marc">https://docta.ucm.es/rest/oai/request</request><GetRecord><record><header><identifier>oai:docta.ucm.es:20.500.14352/120669</identifier><datestamp>2025-11-11T12:53:58Z</datestamp><setSpec>com_20.500.14352_14</setSpec><setSpec>col_20.500.14352_18</setSpec></header><metadata><record xmlns="http://www.loc.gov/MARC21/slim" xmlns:dcterms="http://purl.org/dc/terms/" xmlns:xsi="http://www.w3.org/2001/XMLSchema-instance" xmlns:doc="http://www.lyncode.com/xoai" xsi:schemaLocation="http://www.loc.gov/MARC21/slim http://www.loc.gov/standards/marcxml/schema/MARC21slim.xsd">
   <leader>00925njm 22002777a 4500</leader>
   <datafield ind2=" " ind1=" " tag="042">
      <subfield code="a">dc</subfield>
   </datafield>
   <datafield ind2=" " ind1=" " tag="720">
      <subfield code="a">Cano Ortiz, Ana</subfield>
      <subfield code="e">author</subfield>
   </datafield>
   <datafield ind2=" " ind1=" " tag="260">
      <subfield code="c">2024</subfield>
   </datafield>
   <datafield ind2=" " ind1=" " tag="520">
      <subfield code="a">Ante los desafíos presentes y futuros de carácter medio ambiental, diversos investigadores establecen diferentes causas, debidas a la explotación que el ser humano hace sobre el medio natural, siendo estas: cambio climático, desaparición y deterioro de hábitats, aumento de especies exóticas invasoras, así como la sobreexplotación y contaminación (Marchese, 2015; Van Dyke y Lamb, 2020). Como consecuencia, la sociedad está viviendo un aumento de catástrofes ambientales; entre ellas la desaparición de numerosos servicios ecosistémicos vinculados con la destrucción y deterioro de hábitats naturales</subfield>
   </datafield>
   <datafield ind1="8" ind2=" " tag="024">
      <subfield code="a">Cano Ortiz, A. (2024). Espacios naturales como medio educador: las reservas de la biosfera, como lugar de aprendizaje para la sostenibilidad territorial. En Revolucionando la docencia universitaria: innovación educativa en la era de la IA y la gamificación (pp. 745-763). Dykinson.</subfield>
   </datafield>
   <datafield ind1="8" ind2=" " tag="024">
      <subfield code="a">978-84-1070-329-2</subfield>
   </datafield>
   <datafield ind1="8" ind2=" " tag="024">
      <subfield code="a">https://hdl.handle.net/20.500.14352/120669</subfield>
   </datafield>
   <datafield ind1="8" ind2=" " tag="024">
      <subfield code="a">https://produccioncientifica.ucm.es/documentos/679e74902b7e092f52bac349</subfield>
   </datafield>
   <datafield ind1="8" ind2=" " tag="024">
      <subfield code="a">https://dialnet.unirioja.es/servlet/articulo?codigo=9947703</subfield>
   </datafield>
   <datafield ind1="8" ind2=" " tag="024">
      <subfield code="a">https://dialnet.unirioja.es/servlet/libro?codigo=991126</subfield>
   </datafield>
   <datafield ind2="0" ind1="0" tag="245">
      <subfield code="a">Espacios naturales como medio educador: las reservas de la Biosfera como lugar de aprendizaje para la sostenibilidad territorial</subfield>
   </datafield>
</record></metadata></record></GetRecord></OAI-PMH>